00289cam a22000857a 4500008004000000100003500040245007400075260004500149300000900194180718b1958 xxu||||| |||| 00| 0 eng d aIndia. Rajya Sabha Secretariat aRajya Sabha debates, Vol. XXIII-(i), Nos. 1-8 (24 Nov. - 4 Dec. 1958) aNew DelhibRajya Sabha Secretariatc1958 av.p.